[Event "Kstovo Chess Hopes op"]
[Site "Kstovo"]
[Date "2015.06.29"]
[Round "6"]
[White "Denisov, Albert"]
[Black "Appanov, Artem"]
[Result "1/2-1/2"]
[WhiteElo "1772"]
[BlackElo "1970"]
[PlyCount "80"]
[EventDate "2015.06.24"]
[EventType "swiss"]
[EventRounds "9"]
[EventCountry "RUS"]
[SourceTitle "CBM 167 Extra"]
[Source "ChessBase"]
[SourceDate "2015.09.14"]
[SourceVersion "1"]
[SourceVersionDate "2015.09.14"]
[SourceQuality "1"]

1. d4 d5 2. Nf3 Nf6 3. Bf4 Bf5 4. e3 e6 5. Bd3 Bg6 6. 0-0 Bd6 7. Ne5 0-0 8. h3 Bxe5 9. dxe5 Nfd7 10. Bh2 c5 11. c3 Nc6 12. f4 Bxd3 13. Qxd3 c4 14. Qe2 Nc5 15. Nd2 Nd3 16. Nf3 f6 17. exf6 Qxf6 18. Nd4 Rae8 19. Rab1 Qh4 20. Nxc6 bxc6 21. b3 e5 22. bxc4 dxc4 23. fxe5 Rxf1+ 24. Rxf1 Nxe5 25. Bxe5 Rxe5 26. Qf3 Qf6 27. Qxf6 gxf6 28. Rxf6 Rxe3 29. Rxc6 Rxc3 30. Rc8+ Kg7 31. Rc7+ Kg6 32. Rxa7 Rc2 33. Kh2 c3 34. Kg3 Rb2 35. Rc7 c2 36. a4 Rb3+ 37. Kh4 Rb4+ 38. g4 Rxa4 39. Rc6+ Kg7 40. Rxc2 h6 1/2-1/2

[Event "Kstovo Kichigin Memorial op 5th"]
[Site "Kstovo"]
[Date "2015.01.16"]
[Round "1"]
[White "Appanov, Artem"]
[Black "Gudkov, Pavel"]
[Result "1-0"]
[WhiteElo "1803"]
[BlackElo "1729"]
[PlyCount "29"]
[EventDate "2015.01.16"]
[EventType "swiss"]
[EventRounds "9"]
[EventCountry "RUS"]
[SourceTitle "CBM 164 Extra"]
[Source "ChessBase"]
[SourceDate "2015.03.02"]
[SourceVersion "1"]
[SourceVersionDate "2015.03.02"]
[SourceQuality "1"]

1. d4 c6 2. c4 d6 3. Nc3 Bg4 4. h3 Bh5 5. Qb3 Qc7 6. e4 Nd7 7. Be2 Bg6 8. f4 f6 9. f5 Bf7 10. Bf4 b5 11. d5 Nc5 12. Qb4 a5 13. Qxc5 b4 14. Nb5 Qd7 15. Qxc6 1-0

[Event "Ples Grani U13"]
[Site "Ples"]
[Date "2014.05.06"]
[Round "2"]
[White "Barinov, Aleksander"]
[Black "Appanov, Artem"]
[Result "0-1"]
[WhiteElo "1520"]
[BlackElo "1811"]
[PlyCount "84"]
[EventDate "2014.05.06"]
[EventType "swiss"]
[EventRounds "8"]
[EventCountry "RUS"]
[SourceTitle "EXT 2022"]
[Source "ChessBase"]
[SourceDate "2021.10.06"]
[SourceVersion "1"]
[SourceVersionDate "2021.10.06"]
[SourceQuality "1"]

1. d4 d5 2. c4 c6 3. Nc3 Nf6 4. e3 e6 5. Bd3 Nbd7 6. Nf3 dxc4 7. Bxc4 b5 8. Bd3 a6 9. 0-0 Bb7 10. b3 c5 11. Bb2 Bd6 12. Be2 0-0 13. Qd2 Qe7 14. Rfd1 Rfd8 15. Rac1 Rac8 16. Qe1 e5 17. dxc5 Nxc5 18. Nb1 e4 19. Nd4 Qe5 20. g3 Nd3 21. Bxd3 exd3 22. Qd2 Rxc1 23. Rxc1 Qe4 24. f3 Qg6 25. Rd1 Ne4 26. Qg2 Nc5 27. Nd2 Re8 28. Qf2 Qg5 29. e4 Bf4 30. Kf1 Be3 31. Qe1 Bc8 32. g4 Qf4 33. Kg2 Bxg4 34. fxg4 Qxg4+ 35. Qg3 Qxd1 36. Qxe3 Qg4+ 37. Kf1 Nxe4 38. Qxd3 Qd1+ 39. Kg2 Qxd2+ 40. Qxd2 Nxd2 41. Nf5 Re2+ 42. Kg3 Nf1+ 0-1

[Event "Nizhnij Novgorod Region-ch"]
[Site "Nizhnij Novgorod"]
[Date "2013.10.19"]
[Round "5"]
[White "Appanov, Artem"]
[Black "Baskakov, Egor"]
[Result "0-1"]
[WhiteElo "1775"]
[BlackElo "1697"]
[PlyCount "50"]
[EventDate "2013.10.19"]
[EventType "swiss"]
[EventRounds "9"]
[EventCountry "RUS"]
[SourceTitle "EXT 2022"]
[Source "ChessBase"]
[SourceDate "2021.10.06"]
[SourceVersion "1"]
[SourceVersionDate "2021.10.06"]
[SourceQuality "1"]

1. d4 c5 2. d5 d6 3. e4 g6 4. Nf3 Bg7 5. c3 Nf6 6. Bf4 0-0 7. Nbd2 Nbd7 8. h3 a6 9. a4 b6 10. Bd3 Bb7 11. 0-0 Ne8 12. Rb1 Nc7 13. c4 b5 14. axb5 axb5 15. cxb5 Nb6 16. b4 Na4 17. bxc5 Nxc5 18. Qc2 Qd7 19. Nc4 Qd8 20. Nb6 Ra3 21. Rfd1 Ne8 22. Nc4 Rc3 23. Qe2 Nxd3 24. Rxd3 Rxc4 25. Ra3 Qc8 0-1

[Event "Kstovo Chess Hopes op"]
[Site "Kstovo"]
[Date "2013.06.26"]
[Round "6"]
[White "Appanov, Artem"]
[Black "Vardanian, Arman"]
[Result "1-0"]
[WhiteElo "1789"]
[BlackElo "1672"]
[PlyCount "41"]
[EventDate "2013.06.24"]
[EventType "swiss"]
[EventRounds "9"]
[EventCountry "RUS"]
[SourceTitle "EXT 2018"]
[Source "ChessBase"]
[SourceDate "2017.10.13"]
[SourceVersion "1"]
[SourceVersionDate "2017.10.13"]
[SourceQuality "1"]

1. d4 d5 2. c4 e6 3. Nc3 c6 4. Nf3 Bd6 5. Bg5 Ne7 6. e3 0-0 7. Bd3 f6 8. Bh4 dxc4 9. Bxc4 Ng6 10. Bg3 Kh8 11. 0-0 Bxg3 12. hxg3 e5 13. dxe5 fxe5 14. Qxd8 Rxd8 15. Ng5 Rd2 16. Nf7+ Kg8 17. Rad1 Rxd1 18. Rxd1 Nd7 19. Nxe5+ Kf8 20. Nxd7+ Ke7 21. Nc5 1-0

[Event "Nizhnij Novgorod Region-ch"]
[Site "Nizhnij Novgorod"]
[Date "2012.10.11"]
[Round "?"]
[White "Ruzanov, Vadim"]
[Black "Appanov, Artem"]
[Result "1-0"]
[WhiteElo "1894"]
[BlackElo "1720"]
[PlyCount "87"]
[EventDate "2012.10.06"]
[EventType "swiss"]
[EventRounds "9"]
[EventCountry "RUS"]
[SourceTitle "EXT 2022"]
[Source "ChessBase"]
[SourceDate "2021.10.06"]
[SourceVersion "1"]
[SourceVersionDate "2021.10.06"]
[SourceQuality "1"]

1. e4 c5 2. c4 Nc6 3. g3 g6 4. Nc3 Bg7 5. Bg2 e6 6. Nge2 Nge7 7. 0-0 0-0 8. d3 b6 9. Be3 Nd4 10. Qd2 Bb7 11. f4 d5 12. cxd5 exd5 13. e5 Nxe2+ 14. Nxe2 Qd7 15. d4 c4 16. h3 b5 17. g4 a5 18. Ng3 Rfc8 19. f5 Bf8 20. Bh6 Qd8 21. Nh5 gxh5 22. Qg5+ Ng6 23. f6 hxg4 24. h4 Bxh6 25. Qxh6 Qf8 26. Qg5 h6 27. Qxg4 Rd8 28. h5 Bc8 29. Qg3 Kh7 30. hxg6+ fxg6 31. a3 Be6 32. Kf2 Ra7 33. Bh3 Qf7 34. Rg1 Ra6 35. Rg2 Rg8 36. Rag1 g5 37. Qf3 Rf8 38. Bf5+ Bxf5 39. Qxf5+ Kh8 40. Qh3 Qh7 41. Qf3 Qf7 42. Rh1 Rd8 43. Kg1 Qg6 44. Rxh6+ 1-0

[Event "Kstovo op"]
[Site "Kstovo"]
[Date "2012.09.08"]
[Round "1"]
[White "Appanov, Artem"]
[Black "Stepanushkin, Alexander"]
[Result "1-0"]
[WhiteElo "1720"]
[BlackElo "1943"]
[PlyCount "82"]
[EventDate "2012.09.08"]
[EventType "swiss"]
[EventRounds "9"]
[EventCountry "RUS"]
[SourceTitle "EXT 2013"]
[Source "ChessBase"]
[SourceDate "2012.11.22"]
[SourceVersion "1"]
[SourceVersionDate "2012.11.22"]
[SourceQuality "1"]

1. d4 c5 2. d5 g6 3. e4 Bg7 4. Nf3 d6 5. Be2 Nf6 6. Nbd2 0-0 7. 0-0 e6 8. dxe6 Bxe6 9. e5 Ne8 10. Ne4 Nc6 11. exd6 b6 12. c3 h6 13. Bb5 Na5 14. Bf4 a6 15. Ba4 f5 16. Ng3 b5 17. Re1 Bf7 18. Bc2 Nc4 19. d7 Nf6 20. Bd6 Nxd6 21. Qxd6 Qxd7 22. Qxc5 Rfc8 23. Qd4 Qxd4 24. Nxd4 b4 25. Nge2 Nd5 26. Bb3 bxc3 27. Bxd5 Bxd5 28. bxc3 Rab8 29. Nf4 Bf7 30. Rab1 Rxb1 31. Rxb1 Rxc3 32. Nde6 g5 33. Nd5 Bxe6 34. Nxc3 Bxc3 35. Rb6 Bxa2 36. Rxa6 Bb1 37. Rxh6 Kf7 38. Rb6 Be4 39. h3 Ke7 40. Rg6 Bf6 41. Rg8 Ke6 1-0